000 01696nam a2200277Ia 4500
003 OSt
005 20210830102750.0
008 210310s1945 sp gr 000 0 spa d
040 _aCO-JMCR
_cCO-JMCR
041 1 _aspa
_hger
082 0 4 _a340.1 /
_bC363f
_223
100 1 _aCathrein, S.J., Victor,
_917217
_eautor
245 1 0 _aFilosofía del derecho :
_bel derecho natural y el positivo /
_cVictor Cathrein, S.J. ; traducción directa de la segunda edición alemana por Alberto Jardon y César Barja
250 _aQuinta edición
260 _aMadrid :
_bInstituto Editorial Reus,
_c1945
300 _aviii, 288 páginas ;
_c23 cm.
490 0 _aBiblioteca jurídica de autores españoles y extranjeros ;
_v16
500 _aIncluye notas a pie de página.
505 0 _aObjeto y método de la investigación jurídico-filosófica --¿Existen conceptos y principios de derecho universales, inmutables? -- El problema del método adecuado -- Concepto de derecho y de la justicia -- Concepto de la justica -- Concepto del derecho -- El fin y las propiedades del derecho .. Las fuentes del derecho -- Comparación de nuestra definición del derecho con la de otros autores -- Las fuentes del derecho -- ¿La fuente de todo derecho es el Estado? -- La convicción o el espíritu del pueblo ¿Es la última fuente del derecho? -- ¿Es el derecho un producto apriorístico puramente formal de nuestra razón? -- El derecho natural -- Derecho y moral
650 1 4 _aFilosofía del derecho
_917219
650 2 4 _aDerecho natural
_939782
650 2 4 _aTeoría del derecho
_97948
700 1 _aJardon, Alberto,
_etraductor
_939783
700 1 _aBarja, César,
_etraductor
_939784
942 _2ddc
_cBK
999 _c8420
_d8420